[Event "13. Lichtenberger Sommer"]
[Site "?"]
[Date "2014.08.21"]
[Round "6.30"]
[White "Tscheuschner, Georg"]
[Black "Raab, Helen"]
[Result "1/2-1/2"]
[WhiteElo "1967"]
[BlackElo "1851"]
[PlyCount "55"]
[EventDate "2014.??.??"]
[WhiteTeam "SV Mattnetz Berlin e.V."]
[BlackTeam "SC Kreuzberg e.V."]

1. c4 e5 2. g3 Nf6 3. Bg2 Nc6 4. Nc3 Bb4 5. Nd5 O-O 6. Nxb4 Nxb4 7. Nf3 Re8 8.
d4 e4 9. Ng5 d5 10. cxd5 Nbxd5 11. e3 Bg4 12. Qb3 Qd7 13. O-O Bf5 14. f3 c6 15.
fxe4 Nxe4 16. Bxe4 Bxe4 17. Rxf7 Qd8 18. h4 h6 19. Qxb7 hxg5 20. Rxg7+ Kh8 21.
Rxg5 Qf6 22. Rh5+ Kg8 23. Rg5+ Kh8 24. Bd2 Bd3 25. Rc1 Rf8 26. Rh5+ Kg8 27.
Rg5+ Kh8 28. Rh5+ 1/2-1/2

[Event "13. Lichtenberger Sommer"]
[Site "?"]
[Date "2014.08.21"]
[Round "6.31"]
[White "Schmidt, Jürgen"]
[Black "Guenther, Thomas"]
[Result "0-1"]
[WhiteElo "1992"]
[BlackElo "2089"]
[PlyCount "49"]
[EventDate "2014.??.??"]
[WhiteTeam "SC Kreuzberg e.V."]
[BlackTeam "SV Senat"]

1. e4 c5 2. Nf3 Nc6 3. d4 cxd4 4. Nxd4 Qb6 5. Nb3 Nf6 6. Nc3 e6 7. Be3 Qc7 8.
Bd3 Be7 9. f4 d6 10. Qf3 a6 11. O-O-O O-O 12. g4 Nd7 13. g5 Re8 14. h4 b5 15.
h5 Bb7 16. g6 fxg6 17. h6 Bf8 18. hxg7 Bxg7 19. Qh3 Nf8 20. f5 b4 21. Ne2 Ne5
22. Bd4 Nxd3+ 23. Qxd3 exf5 24. Bxg7 Bxe4 25. Qd4 0-1

[Event "13. Lichtenberger Sommer"]
[Site "?"]
[Date "2014.08.21"]
[Round "6.32"]
[White "Leyrer, Thomas"]
[Black "Schulz, Olaf"]
[Result "0-1"]
[WhiteElo "1774"]
[BlackElo "2029"]
[PlyCount "130"]
[EventDate "2014.??.??"]
[WhiteTeam "SV Königsjäger Süd-West e.V."]
[BlackTeam "SC Rotation Pankow e.V."]

1. d4 d5 2. c4 c6 3. Nc3 Nf6 4. cxd5 cxd5 5. Nf3 Nc6 6. Bf4 Nh5 7. Bg5 f6 8.
Bd2 g6 9. e3 e6 10. Be2 f5 11. Ne5 Nf6 12. Bb5 Bd7 13. Nxd7 Qxd7 14. Rc1 Rc8
15. Qa4 a6 16. Bxc6 Rxc6 17. f3 Bd6 18. Kf2 O-O 19. Ne2 Ne4+ 20. fxe4 fxe4+ 21.
Nf4 g5 22. Rxc6 gxf4 23. Rxa6 fxe3+ 24. Ke2 Qf7 25. Bxe3 bxa6 26. Qxa6 Bxh2 27.
Qc6 Qf5 28. Kd2 Bf4 29. Bxf4 Qxf4+ 30. Kd1 Qg4+ 31. Ke1 e3 32. Qc2 Rf7 33. Rh3
Qf4 34. Qe2 Qe4 35. Rg3+ Kf8 36. Qxe3 Qb1+ 37. Kd2 Qxb2+ 38. Ke1 Qb1+ 39. Kd2
Qxa2+ 40. Ke1 Qb1+ 41. Kd2 Qb4+ 42. Ke2 Qb2+ 43. Ke1 Ke7 44. Qa3+ Qxa3 45. Rxa3
Rf4 46. Ra4 Kf6 47. Ke2 Kf5 48. Ke3 Re4+ 49. Kf3 h5 50. Ra8 Rxd4 51. Rf8+ Ke5
52. Rh8 h4 53. Rh5+ Kd6 54. Ke3 Re4+ 55. Kf3 Kc5 56. Rh8 e5 57. Ra8 Rf4+ 58.
Ke3 d4+ 59. Ke2 Kd5 60. Ra5+ Ke4 61. Ra4 Rf6 62. Rb4 Ra6 63. Rb2 Ra3 64. Kf2
Kf4 65. Rd2 d3 0-1

[Event "13. Lichtenberger Sommer"]
[Site "?"]
[Date "2014.08.21"]
[Round "6.33"]
[White "Hahlbohm, Matthias"]
[Black "George, Tom"]
[Result "0-1"]
[WhiteElo "2074"]
[BlackElo "1897"]
[PlyCount "54"]
[EventDate "2014.??.??"]
[WhiteTeam "TSG Oberschöneweide e.V."]
[BlackTeam "SG Blau-Weiß Stadtilm"]

1. e4 c5 2. c3 Nf6 3. Bd3 Nc6 4. f4 d5 5. e5 c4 6. Bc2 Ne4 7. d4 cxd3 8. Bxd3
Bf5 9. Be3 g5 10. g4 gxf4 11. gxf5 fxe3 12. e6 Nf2 13. Qe2 Qb6 14. Nf3 O-O-O
15. Rf1 Nxd3+ 16. Qxd3 Qxb2 17. Nd4 Qxa1 18. Nxc6 bxc6 19. Qc2 fxe6 20. Ke2 Rg8
21. Kd3 Bh6 22. Rd1 d4 23. c4 exf5 24. Qa4 Qb2 25. Qxc6+ Kb8 26. Qxh6 Rg2 27.
Qf4+ Rd6 0-1

[Event "13. Lichtenberger Sommer"]
[Site "?"]
[Date "2014.08.21"]
[Round "6.34"]
[White "Waitz, Marco"]
[Black "Schmidt, Markus"]
[Result "0-1"]
[WhiteElo "1984"]
[BlackElo "2097"]
[PlyCount "70"]
[EventDate "2014.??.??"]
[WhiteTeam "BSV 63 Chemie Weißensee"]
[BlackTeam "SK Turm Bad Hersfeld"]

1. e4 g6 2. d4 Bg7 3. f4 d5 4. e5 Nh6 5. Nf3 O-O 6. Be2 Bg4 7. Be3 e6 8. O-O
Nf5 9. Qd2 Bxf3 10. Bxf3 h5 11. g3 Nd7 12. Bf2 Rc8 13. b4 f6 14. exf6 Qxf6 15.
c3 b6 16. Na3 c5 17. bxc5 bxc5 18. Nc2 c4 19. Rab1 Rb8 20. Nb4 Rb6 21. a4 a5
22. Nc2 Rfb8 23. Na3 Nd6 24. Rxb6 Rxb6 25. Rb1 Qf5 26. Rxb6 Nxb6 27. Qd1 Qd3
28. Nb1 Nxa4 29. Qxd3 cxd3 30. Kf1 Nc4 31. Bd1 Nab2 32. Ke1 a4 33. Nd2 Nxd2 34.
Kxd2 Nxd1 35. Kxd1 a3 0-1

[Event "13. Lichtenberger Sommer"]
[Site "?"]
[Date "2014.08.21"]
[Round "6.35"]
[White "Püschel, Werner"]
[Black "Fiedler, Wolfgang"]
[Result "1-0"]
[WhiteElo "2093"]
[BlackElo "1928"]
[PlyCount "39"]
[EventDate "2014.??.??"]
[WhiteTeam "SG Lasker Steglitz-Wilmersdorf"]
[BlackTeam "SV Berolina Mitte e.V."]

1. c3 d5 2. d3 e5 3. g3 c6 4. Bg2 Bd6 5. Qc2 h5 6. Nf3 Bg4 7. Nbd2 Nh6 8. e4
Be6 9. h4 f6 10. d4 Qc7 11. dxe5 fxe5 12. Ng5 Bg8 13. exd5 cxd5 14. Qg6+ Kd8
15. Ne6+ Bxe6 16. Qxe6 Nd7 17. Qxd5 Kc8 18. Nc4 Be7 19. Bxh6 Rxh6 20. Bh3 1-0

[Event "13. Lichtenberger Sommer"]
[Site "?"]
[Date "2014.08.21"]
[Round "6.36"]
[White "Issel, Oliver"]
[Black "Baranowsky, Peter"]
[Result "1/2-1/2"]
[WhiteElo "2071"]
[BlackElo "1978"]
[PlyCount "32"]
[EventDate "2014.??.??"]
[BlackTeam "Sfrd. Berlin 1903 e.V."]

1. g3 d5 2. Nf3 c5 3. Bg2 Nf6 4. O-O Bg4 5. Ne5 Bh5 6. c4 Nbd7 7. Nxd7 Qxd7 8.
cxd5 Nxd5 9. Re1 e6 10. Nc3 Nxc3 11. bxc3 c4 12. Rb1 Rb8 13. d4 Bd6 14. Qc2 O-O
15. e4 Rfc8 16. e5 Bg6 1/2-1/2

[Event "13. Lichtenberger Sommer"]
[Site "?"]
[Date "2014.08.21"]
[Round "6.37"]
[White "Junge, Wolfgang"]
[Black "Kollberg, Lothar"]
[Result "0-1"]
[WhiteElo "1848"]
[BlackElo "2138"]
[PlyCount "102"]
[EventDate "2014.??.??"]
[WhiteTeam "SC Friesen Lichtenberg e.V."]
[BlackTeam "SC Zugzwang 95 e.V."]

1. d4 g6 2. c4 Bg7 3. Nc3 Nf6 4. e4 d6 5. f4 c5 6. d5 O-O 7. Nf3 e6 8. Be2 exd5
9. cxd5 Bg4 10. O-O Nbd7 11. h3 Bxf3 12. Bxf3 Re8 13. Re1 Rc8 14. Qc2 c4 15.
Be3 Nc5 16. Bxc5 Rxc5 17. Qf2 Nd7 18. Rad1 Bxc3 19. bxc3 Qf6 20. e5 Qxf4 21. e6
Ne5 22. Re4 Qf5 23. exf7+ Qxf7 24. Be2 Qxf2+ 25. Kxf2 b5 26. Ke3 Rf8 27. Kd4
Rcc8 28. Ke3 g5 29. Rb1 Rb8 30. a3 Kg7 31. Bh5 a6 32. Be2 Kg6 33. Rd1 Rfe8 34.
Rf1 h5 35. Kd2 Rf8 36. Rxf8 Rxf8 37. Ke3 Rf6 38. Rd4 Nd7 39. Rd1 Rf7 40. Bf3
Nf6 41. Rd4 Re7+ 42. Kd2 Re5 43. g4 hxg4 44. hxg4 Kg7 45. Bg2 Re8 46. Bf3 Rh8
47. Be2 Rh3 48. Bd1 Rg3 49. Be2 Nd7 50. Re4 Nc5 51. Re3 Nb3+ 0-1

[Event "13. Lichtenberger Sommer"]
[Site "?"]
[Date "2014.08.21"]
[Round "6.38"]
[White "Kornrumpf, Joachim"]
[Black "Kapp, Frank"]
[Result "1/2-1/2"]
[WhiteElo "2061"]
[BlackElo "1910"]
[PlyCount "112"]
[EventDate "2014.??.??"]
[WhiteTeam "Preetzer TSV"]
[BlackTeam "TSV IFA Chemnitz"]

1. b3 g6 2. Bb2 Nf6 3. d4 d5 4. Nf3 Bg7 5. e3 c6 6. Bd3 Bg4 7. Nbd2 O-O 8. O-O
Qc7 9. c4 e6 10. Qc2 Bxf3 11. Nxf3 Na6 12. a3 Rac8 13. Rac1 Nb8 14. Rfe1 Nbd7
15. c5 Rfe8 16. b4 Nh5 17. b5 f5 18. Be2 Nhf6 19. a4 Ne4 20. Nd2 Ndf6 21. Nxe4
fxe4 22. Bc3 Re7 23. Qb2 Nd7 24. Rb1 Rb8 25. Qd2 b6 26. bxc6 Qxc6 27. Bb5 Qc7
28. cxb6 Nxb6 29. Bb4 Rf7 30. Rec1 Qd8 31. a5 Nd7 32. Bd6 Rc8 33. Bc6 Nb8 34.
Bxb8 Rxb8 35. a6 Rb6 36. Bb7 Rxb1 37. Rxb1 Bf8 38. h3 Bd6 39. Qe2 Bb8 40. Qg4
Qc7 41. g3 Qc2 42. Rf1 Rf6 43. h4 h5 44. Qh3 Qe2 45. Qg2 Qc2 46. f4 Qc3 47. Qe2
Rf7 48. Qe1 Rc7 49. Qxc3 Rxc3 50. Rb1 Bd6 51. Kf2 Kf8 52. Ke2 Ke7 53. Ba8 Kd7
54. Rb7+ Rc7 55. Rb3 Rc4 56. Rb7+ Rc7 1/2-1/2

[Event "13. Lichtenberger Sommer"]
[Site "?"]
[Date "2014.08.21"]
[Round "6.39"]
[White "Witte, Ronald"]
[Black "Schmalzried, Volker"]
[Result "1-0"]
[WhiteElo "2052"]
[BlackElo "1875"]
[PlyCount "50"]
[EventDate "2014.??.??"]
[WhiteTeam "BSV 63 Chemie Weißensee"]

1. d4 g6 2. c4 Bg7 3. Nc3 c5 4. d5 d6 5. e4 Nf6 6. h3 O-O 7. Nf3 e6 8. Bd3 exd5
9. exd5 Re8+ 10. Be3 Nbd7 11. O-O Ne5 12. Nxe5 Rxe5 13. Bf4 Rh5 14. Qf3 g5 15.
g4 Rh4 16. Bxg5 Bxg4 17. hxg4 Rxg4+ 18. Qxg4 Nxg4 19. Bxd8 Rxd8 20. Kg2 Kh8 21.
Rh1 h6 22. Rae1 Bd4 23. Nd1 Rg8 24. Kf1 Be5 25. Ne3 Nh2+ 1-0

[Event "13. Lichtenberger Sommer"]
[Site "?"]
[Date "2014.08.21"]
[Round "6.40"]
[White "Oswald, Michael"]
[Black "Wimmer, Thomas"]
[Result "0-1"]
[WhiteElo "2129"]
[BlackElo "1881"]
[PlyCount "56"]
[EventDate "2014.??.??"]
[WhiteTeam "1. Schachclub Anhalt"]
[BlackTeam "SK Marburg 1931/72"]

1. d4 Nf6 2. c4 g6 3. Nc3 Bg7 4. e4 d6 5. f4 O-O 6. Nf3 c5 7. d5 e6 8. Be2 exd5
9. exd5 Re8 10. O-O Bf5 11. Bd3 Qd7 12. h3 Bxd3 13. Qxd3 Na6 14. f5 b5 15. Nxb5
Nb4 16. Qb1 Nbxd5 17. fxg6 hxg6 18. Qd3 Rab8 19. Bg5 a6 20. Nxd6 Qxd6 21. Bxf6
Bxf6 22. cxd5 Rxb2 23. Rab1 Reb8 24. Rxb2 Rxb2 25. Rf2 c4 26. Qxc4 Qb6 27. Qf1
Rb1 28. Ne1 Bd4 0-1

[Event "13. Lichtenberger Sommer"]
[Site "?"]
[Date "2014.08.21"]
[Round "6.41"]
[White "Deutschbein, Christopher"]
[Black "Pluska, Alexander"]
[Result "1-0"]
[WhiteElo "1984"]
[BlackElo "1899"]
[PlyCount "75"]
[EventDate "2014.??.??"]
[WhiteTeam "Bille SC von 1924 e.V."]
[BlackTeam "SK Doppelbauer Kiel"]

1. e4 g6 2. d4 Bg7 3. g3 c5 4. dxc5 Na6 5. Bg2 Nxc5 6. Ne2 b6 7. Nbc3 Bb7 8.
O-O Nf6 9. e5 Ng4 10. Bxb7 Nxb7 11. f4 O-O 12. Nd4 Nh6 13. f5 Nxf5 14. Nxf5
gxf5 15. Rxf5 e6 16. Rh5 f5 17. Bh6 Bxh6 18. Rxh6 Qg5 19. Rh5 Qe3+ 20. Kg2 Rf7
21. Qe1 Qc5 22. Qe2 Na5 23. Rg5+ Kh8 24. Re1 Raf8 25. Nd1 Qd5+ 26. Kg1 Qxa2 27.
Qa6 Qd5 28. Qe2 Nc6 29. c3 b5 30. Nf2 b4 31. Nh3 bxc3 32. bxc3 Qc5+ 33. Kf1
Qxc3 34. Nf4 Rg8 35. Qh5 Nxe5 36. Rxe5 Qxe5 37. Qxf7 Rxg5 38. Qf8+ 1-0

[Event "13. Lichtenberger Sommer"]
[Site "?"]
[Date "2014.08.21"]
[Round "6.42"]
[White "Richter, Götz"]
[Black "Feyer, Leon"]
[Result "1-0"]
[WhiteElo "2028"]
[BlackElo "1660"]
[PlyCount "49"]
[EventDate "2014.??.??"]
[WhiteTeam "Klub Kölner Schachfreunde e.V. 1"]
[BlackTeam "SV Empor Berlin e.V."]

1. e4 e5 2. Nf3 Nc6 3. d4 exd4 4. Nxd4 Bc5 5. Nxc6 bxc6 6. Bd3 d6 7. Nc3 Be6 8.
Na4 Bd4 9. c3 Bf6 10. O-O Ne7 11. f4 O-O 12. Qe2 Nc8 13. g4 Be7 14. c4 Nb6 15.
Nc3 f6 16. Be3 Qd7 17. h3 d5 18. cxd5 cxd5 19. exd5 Nxd5 20. Nxd5 Bxd5 21. Rfd1
Qc6 22. Rac1 Qd7 23. Bb5 Qe6 24. Rxd5 a6 25. Bc4 1-0

[Event "13. Lichtenberger Sommer"]
[Site "?"]
[Date "2014.08.21"]
[Round "6.43"]
[White "Bonke, Hans-Jürgen"]
[Black "Poseck, Steffen"]
[Result "1/2-1/2"]
[WhiteElo "1951"]
[BlackElo "2019"]
[PlyCount "41"]
[EventDate "2014.??.??"]
[WhiteTeam "SC Kreuzberg e.V."]
[BlackTeam "BSV 63 Chemie Weißensee"]

1. d4 Nf6 2. Nf3 g6 3. Bf4 Bg7 4. e3 c5 5. c3 cxd4 6. exd4 Qb6 7. Qb3 Qe6+ 8.
Be2 Nh5 9. Be3 Qxb3 10. axb3 Nf6 11. O-O O-O 12. Bf4 d6 13. h3 h6 14. Nbd2 Nd5
15. Bh2 Bd7 16. Rfe1 Re8 17. Bd3 Nc6 18. Be4 Nf6 19. Bd3 Nd5 20. Be4 Nf6 21.
Bd3 1/2-1/2

[Event "13. Lichtenberger Sommer"]
[Site "?"]
[Date "2014.08.21"]
[Round "6.44"]
[White "Albinus, Günter"]
[Black "Sabrowski, Uwe"]
[Result "0-1"]
[WhiteElo "1877"]
[BlackElo "2097"]
[PlyCount "86"]
[EventDate "2014.??.??"]
[WhiteTeam "SG Weißensee 49 e.V."]
[BlackTeam "SC Friesen Lichtenberg e.V."]

1. Nf3 g6 2. d4 Bg7 3. c3 f5 4. Bf4 d6 5. e3 Nf6 6. Qb3 e6 7. Bc4 Qe7 8. h3 Ne4
9. Nbd2 O-O 10. Bd3 Nf6 11. O-O Kh8 12. Bh2 Nc6 13. e4 e5 14. dxe5 dxe5 15.
exf5 gxf5 16. Bb5 e4 17. Bxc6 bxc6 18. Ne5 Be6 19. Qa4 Rad8 20. Ndc4 Bd5 21.
Na5 Nh5 22. Nexc6 Qg5 23. Nb4 f4 24. Qc2 Be6 25. Nac6 f3 26. g3 Rd2 27. Qxe4
Nf4 28. h4 Nh3+ 29. Kh1 Qh6 30. Qe3 Nxf2+ 31. Qxf2 Rxf2 32. Rxf2 a5 33. Nxa5
Bh3 34. Nb3 Bg2+ 35. Kg1 Qe3 36. Nd5 Qe4 37. Nf4 Re8 38. Nd2 Qb7 39. Rb1 Bxc3
40. Nxg2 Bd4 41. Nxf3 Qxf3 42. Rbf1 Re2 43. Ne1 Rxe1 0-1

[Event "13. Lichtenberger Sommer"]
[Site "?"]
[Date "2014.08.21"]
[Round "6.45"]
[White "Schubert, Joachim"]
[Black "Jaeger, Andre"]
[Result "1-0"]
[WhiteElo "1848"]
[BlackElo "1977"]
[PlyCount "95"]
[EventDate "2014.??.??"]
[WhiteTeam "SC Friesen Lichtenberg e.V."]
[BlackTeam "SC Rochade e.V."]

1. e4 c5 2. Nf3 Nc6 3. d4 cxd4 4. Nxd4 Nf6 5. Nc3 e5 6. Nb3 Bb4 7. Bg5 h6 8.
Bxf6 Qxf6 9. Bd3 d6 10. O-O Bxc3 11. bxc3 Be6 12. Qd2 O-O 13. f4 exf4 14. Rxf4
Qe5 15. Raf1 Rac8 16. R1f3 Ne7 17. Nd4 Ng6 18. Rf5 Bxf5 19. exf5 Ne7 20. f6 Ng6
21. fxg7 Rfe8 22. Qxh6 Qe1+ 23. Bf1 Rxc3 24. Rf2 Qe3 25. Nf5 Qxh6 26. Nxh6+
Kxg7 27. Nf5+ Kf8 28. Nxd6 Re7 29. g3 Rc6 30. Nf5 Re1 31. Rd2 Rf6 32. g4 Kg8
33. Kf2 Re5 34. Rd8+ Kh7 35. Kg3 Ne7 36. Bd3 Nxf5+ 37. gxf5 Ra5 38. Kg4 Kg7 39.
Kg5 Rc5 40. Rd7 Rb6 41. h4 Rb1 42. h5 Rg1+ 43. Kh4 Ra1 44. Rxb7 Rxa2 45. Kg5
Rc6 46. Be4 Rb6 47. Rc7 Rb1 48. f6+ 1-0

[Event "13. Lichtenberger Sommer"]
[Site "?"]
[Date "2014.08.21"]
[Round "6.46"]
[White "Brüning, Wolfgang"]
[Black "Sappok, Marius"]
[Result "0-1"]
[WhiteElo "1893"]
[BlackElo "2003"]
[PlyCount "94"]
[EventDate "2014.??.??"]
[WhiteTeam "Queer-Springer SSV Berlin"]
[BlackTeam "SC Zugzwang 95 e.V."]

1. c4 Nf6 2. g3 g6 3. Bg2 d5 4. cxd5 Nxd5 5. Nc3 Nb6 6. Nf3 Bg7 7. O-O O-O 8.
d3 Nc6 9. Bd2 e5 10. Bg5 f6 11. Qb3+ Kh8 12. Bd2 Re8 13. Qc2 Nd4 14. Nxd4 exd4
15. Ne4 c6 16. Ba5 Qe7 17. Rfe1 Nd5 18. Bd2 Be6 19. a3 Bg8 20. Rac1 Rad8 21.
Qa4 Ra8 22. Nc5 b6 23. Ne4 c5 24. h4 Rad8 25. b4 cxb4 26. axb4 Rc8 27. b5 f5
28. Ng5 Nc3 29. Bxc3 dxc3 30. Bc6 Red8 31. Nf3 Bd5 32. d4 Be4 33. Ne5 Bxe5 34.
dxe5 Qxe5 35. Qc4 c2 36. Kh2 Qd4 37. Qxd4+ Rxd4 38. e3 Rd2 39. Bxe4 fxe4 40.
Kg1 Kg7 41. Kf1 Kf7 42. Re2 Rd1+ 43. Re1 Rxe1+ 44. Kxe1 Ke6 45. Kd2 Kd5 46. Ke2
Rc4 47. Kd2 Kc5 0-1

[Event "13. Lichtenberger Sommer"]
[Site "?"]
[Date "2014.08.21"]
[Round "6.47"]
[White "Korell, Klaus-Peter"]
[Black "Badestein, Hartmut"]
[Result "1/2-1/2"]
[WhiteElo "1901"]
[BlackElo "2066"]
[PlyCount "60"]
[EventDate "2014.??.??"]
[WhiteTeam "SG TT/Wiheil"]
[BlackTeam "SC Friesen Lichtenberg e.V."]

1. d4 Nf6 2. c4 g6 3. g3 Bg7 4. Bg2 O-O 5. Nf3 d6 6. O-O Nbd7 7. Nc3 e5 8. e4
c6 9. h3 Qe7 10. Re1 Re8 11. Qc2 a5 12. Be3 exd4 13. Nxd4 Nc5 14. Nb3 Nxb3 15.
axb3 Be6 16. Red1 Nd7 17. Rd2 Nc5 18. Na4 Nxa4 19. bxa4 f5 20. Kh2 Qf7 21. Rc1
fxe4 22. Bxe4 d5 23. cxd5 cxd5 24. Bg2 Rac8 25. Qd1 Rxc1 26. Qxc1 d4 27. Bxd4
Bxd4 28. Rxd4 Qxf2 29. Rd2 Qb6 30. Qc3 Rf8 1/2-1/2

[Event "13. Lichtenberger Sommer"]
[Site "?"]
[Date "2014.08.21"]
[Round "6.48"]
[White "Stiemerling, Wilfried"]
[Black "Geldner, Gerrit"]
[Result "1-0"]
[WhiteElo "2134"]
[BlackElo "1713"]
[PlyCount "75"]
[EventDate "2014.??.??"]
[WhiteTeam "BSG Pneumant Fürstenwalde e.V."]
[BlackTeam "Schachunion Berlin e.V."]

1. d4 d5 2. c4 e6 3. Nc3 Nf6 4. Bg5 Be7 5. e3 O-O 6. Nf3 Nbd7 7. Rc1 c6 8. a3
Re8 9. Qc2 h6 10. Bh4 a6 11. h3 b5 12. cxd5 cxd5 13. Bd3 Bb7 14. O-O Rc8 15.
Qe2 Nb6 16. Ne5 Nfd7 17. Bxe7 Qxe7 18. Nxd7 Qxd7 19. f4 f5 20. b3 Qe7 21. Qb2
Rc7 22. Nb1 Rec8 23. Nd2 b4 24. axb4 Qxb4 25. Rxc7 Rxc7 26. Nf3 Rc3 27. Qe2
Rxb3 28. Ne5 a5 29. Qh5 Qe7 30. Rc1 a4 31. Rc7 Qxc7 32. Qe8+ Kh7 33. Qg6+ Kg8
34. Qxe6+ Kh7 35. Bxf5+ g6 36. Qxg6+ Kh8 37. Qxh6+ Kg8 38. Be6+ 1-0

[Event "13. Lichtenberger Sommer"]
[Site "?"]
[Date "2014.08.21"]
[Round "6.49"]
[White "Gelemerov, Yane"]
[Black "Hirstel, Serge"]
[Result "1-0"]
[WhiteElo "2090"]
[BlackElo "1910"]
[PlyCount "149"]
[EventDate "2014.??.??"]
[WhiteTeam "Krakera Pernik"]
[BlackTeam "Hipsheim"]

1. e4 e5 2. Bc4 Nf6 3. Nc3 Nc6 4. d3 Na5 5. Bb3 Nxb3 6. axb3 Bb4 7. Nge2 O-O 8.
O-O c6 9. Ng3 d5 10. Qe2 dxe4 11. dxe4 Bg4 12. f3 Bc5+ 13. Kh1 Be6 14. Bg5 h6
15. Rfd1 Qe7 16. Be3 a6 17. Na4 Bxe3 18. Qxe3 Rad8 19. Nc5 Bc8 20. Rd3 Rxd3 21.
Nxd3 Qc7 22. b4 Re8 23. Kg1 Nd7 24. Nf5 Nf6 25. Ng3 Nd7 26. Kf2 Qb6 27. Nf5 Qc7
28. g4 Nf8 29. Ng3 Qd8 30. Rh1 Qh4 31. Kg2 Qg5 32. Nf1 Qxe3 33. Nxe3 f6 34. Kf2
Ne6 35. Nc4 Rd8 36. Ke3 Nd4 37. c3 Nxf3 38. h3 Ng5 39. Nb6 Ne6 40. h4 Bd7 41.
Rg1 Be8 42. Na4 Ra8 43. Nac5 Nxc5 44. Nxc5 b6 45. Nb7 Rb8 46. Nd6 Bd7 47. g5
hxg5 48. hxg5 fxg5 49. Rxg5 c5 50. Rxe5 cxb4 51. cxb4 Kf8 52. Kf4 Ba4 53. Rh5
Bb3 54. Rh8+ Bg8 55. e5 Ke7 56. Nf5+ Kf7 57. Rh2 g6 58. Nd4 Rc8 59. Ke4 Rc4 60.
e6+ Ke7 61. Ke5 a5 62. b5 Rc5+ 63. Kf4 Bxe6 64. Re2 Rc4 65. Rxe6+ Kf7 66. Rd6
Ke7 67. Rd5 Rb4 68. b3 a4 69. bxa4 Rxa4 70. Kg5 Ra1 71. Kxg6 Rg1+ 72. Kf5 Rf1+
73. Ke4 Rf6 74. Ke5 Rh6 75. Nf5+ 1-0

[Event "13. Lichtenberger Sommer"]
[Site "?"]
[Date "2014.08.21"]
[Round "6.50"]
[White "Hoffmann, Rainer"]
[Black "Grassi, Fabrizio"]
[Result "1/2-1/2"]
[WhiteElo "2064"]
[BlackElo "1893"]
[PlyCount "56"]
[EventDate "2014.??.??"]
[WhiteTeam "BSC Rehberge 1945 e.V."]
[BlackTeam "SV Berlin-Friedrichstadt"]

1. Nf3 d5 2. d4 e6 3. c4 Nf6 4. Nc3 Nbd7 5. cxd5 exd5 6. Bg5 Be7 7. e3 c6 8.
Bd3 Nf8 9. Qc2 Ne6 10. Bh4 g6 11. Bg3 O-O 12. h3 Ng7 13. Be5 Bf5 14. O-O Bxd3
15. Qxd3 Nf5 16. Rac1 Nd6 17. Nd2 Re8 18. Rfd1 Qd7 19. Qf1 Qd8 20. Rc2 a5 21.
Na4 Nfe4 22. Nxe4 Nxe4 23. f3 Nd6 24. Bxd6 Bxd6 25. Qf2 Qg5 26. Rd3 Bg3 27. Qd2
Bd6 28. Qf2 Bg3 1/2-1/2

[Event "13. Lichtenberger Sommer"]
[Site "?"]
[Date "2014.08.21"]
[Round "6.51"]
[White "Godoj, Veit"]
[Black "Huebner, Alan-Ari"]
[Result "1-0"]
[WhiteElo "2031"]
[BlackElo "1785"]
[PlyCount "57"]
[EventDate "2014.??.??"]
[WhiteTeam "SV Königsjäger Süd-West e.V."]
[BlackTeam "vereinslos"]

1. e4 c5 2. b3 d6 3. Bb2 Nf6 4. Nc3 Nc6 5. f4 e6 6. Nf3 Be7 7. g3 Qc7 8. Bg2 a6
9. O-O O-O 10. d3 b5 11. h3 Bb7 12. g4 h6 13. Ne2 Rfd8 14. a3 d5 15. e5 Nd7 16.
Qe1 f6 17. exf6 Bxf6 18. Bxf6 Nxf6 19. g5 Nh7 20. Qh4 Qe7 21. Rae1 Rf8 22. Qh5
hxg5 23. Nxg5 Nxg5 24. fxg5 g6 25. Qxg6+ Kh8 26. Nf4 Bc8 27. Qh6+ Kg8 28. Ng6
Rxf1+ 29. Rxf1 1-0

[Event "13. Lichtenberger Sommer"]
[Site "?"]
[Date "2014.08.21"]
[Round "6.52"]
[White "Kapr, Klaus"]
[Black "Schindler, Rudolf"]
[Result "1-0"]
[WhiteElo "2069"]
[BlackElo "1846"]
[PlyCount "93"]
[EventDate "2014.??.??"]
[WhiteTeam "SC Friesen Lichtenberg e.V."]
[BlackTeam "SG Lasker Steglitz-Wilmersdorf"]

1. e4 d6 2. d4 Nf6 3. Nc3 e5 4. Nf3 Nbd7 5. Be2 c6 6. O-O Be7 7. h3 O-O 8. Be3
Re8 9. Qd2 Qc7 10. a4 exd4 11. Nxd4 Nc5 12. f3 a5 13. Rad1 Nh5 14. Qe1 d5 15.
f4 g6 16. Bxh5 gxh5 17. exd5 Bf6 18. Qg3+ Kh8 19. Qf3 Qe7 20. Rfe1 Bd7 21. dxc6
bxc6 22. Nxc6 Bxc6 23. Qxc6 Rac8 24. Qb5 Qf8 25. Qxa5 h6 26. Qb5 Qg7 27. Bxc5
Rxe1+ 28. Rxe1 Rxc5 29. Re8+ Kh7 30. Qd3+ Qg6 31. Ne4 Rf5 32. Nxf6+ Rxf6 33.
Qxg6+ Kxg6 34. Re4 Rd6 35. c3 Kf5 36. Rd4 Rg6 37. Kf2 h4 38. a5 Ra6 39. b4 Ke6
40. c4 f6 41. Kf3 f5 42. Rd5 Ra8 43. g4 hxg3 44. Kxg3 Rg8+ 45. Kh4 h5 46. a6
Ra8 47. Ra5 1-0

[Event "13. Lichtenberger Sommer"]
[Site "?"]
[Date "2014.08.21"]
[Round "6.53"]
[White "Mai, Andreas"]
[Black "Kornath, Heinrich"]
[Result "1-0"]
[WhiteElo "1998"]
[BlackElo "1848"]
[PlyCount "71"]
[EventDate "2014.??.??"]
[WhiteTeam "SC Friesen Lichtenberg e.V."]
[BlackTeam "SG Eckturm"]

1. e4 c5 2. Nf3 e6 3. Nc3 a6 4. a4 d6 5. d4 cxd4 6. Nxd4 Nf6 7. Be2 Nc6 8. O-O
Bd7 9. Kh1 Be7 10. Be3 Rc8 11. f4 Qc7 12. f5 Nxd4 13. Bxd4 e5 14. Be3 Bc6 15.
Bf3 Qa5 16. Qd3 Qb4 17. Bd2 Qd4 18. Qe2 h5 19. Qd3 Qxd3 20. cxd3 h4 21. Rfc1
Kd7 22. Be3 Bd8 23. b4 b5 24. axb5 axb5 25. Ra7+ Rc7 26. Rca1 Ne8 27. Bb6 Rxa7
28. Rxa7+ Nc7 29. f6 Kc8 30. fxg7 Rg8 31. d4 exd4 32. Bxd4 Kb8 33. Ne2 Bb7 34.
Ra5 f6 35. Ba7+ Kc8 36. Bg4+ 1-0

[Event "13. Lichtenberger Sommer"]
[Site "?"]
[Date "2014.08.21"]
[Round "6.54"]
[White "Steiner, Wolfram"]
[Black "Lieder, Günter"]
[Result "1-0"]
[WhiteElo "1995"]
[BlackElo "1864"]
[PlyCount "63"]
[EventDate "2014.??.??"]
[WhiteTeam "SG Lasker Steglitz-Wilmersdorf"]
[BlackTeam "SK Turm Bad Hersfeld"]

1. Nf3 c5 2. e4 e6 3. d3 d6 4. g3 Nc6 5. Bg2 g6 6. O-O Bg7 7. Nbd2 Nge7 8. Re1
O-O 9. c3 Rb8 10. Nf1 b5 11. d4 b4 12. a3 bxc3 13. bxc3 cxd4 14. cxd4 d5 15.
Bf4 Rb6 16. e5 Na5 17. Ne3 h6 18. h4 Qd7 19. Ng4 Nf5 20. Nf6+ Bxf6 21. exf6 h5
22. Be5 Ba6 23. Bh3 Rb3 24. Bxf5 exf5 25. Qd2 f4 26. Qxf4 Kh7 27. Ng5+ Kh8 28.
Bd6 Re8 29. Nxf7+ Qxf7 30. Rxe8+ Qxe8 31. Qh6+ Kg8 32. Qg7# 1-0

[Event "13. Lichtenberger Sommer"]
[Site "?"]
[Date "2014.08.21"]
[Round "6.55"]
[White "Kievelitz, Bernd"]
[Black "Stiemerling, Andreas"]
[Result "1-0"]
[WhiteElo "1998"]
[BlackElo "1699"]
[PlyCount "59"]
[EventDate "2014.??.??"]
[WhiteTeam "SC Zitadelle Spandau 1977 e.V."]
[BlackTeam "SSV Rotation Berlin e.V."]

1. Nf3 e6 2. c4 d5 3. d4 f5 4. Bf4 Nf6 5. e3 Bd6 6. Nc3 c6 7. Bd3 O-O 8. O-O
Ne4 9. Qc2 Qc7 10. Bxd6 Qxd6 11. Ne5 Nd7 12. c5 Qc7 13. Nxd7 Bxd7 14. f3 Nf6
15. e4 Qf4 16. Qc1 Nh5 17. g3 Qxc1 18. Raxc1 Rae8 19. e5 Re7 20. b4 g5 21. a4
h6 22. b5 Ra8 23. a5 Ng7 24. Rb1 Kf7 25. bxc6 bxc6 26. Rf2 Bc8 27. a6 Rc7 28.
Na4 Ne8 29. Rfb2 Re7 30. Rb8 1-0